Statistics for NBA Champions Starting Shooting Guards

Click here to take the quiz!

General Stats

  • This quiz has been taken 235 times
    (172 since last reset)
  • The average score is 20 of 43

Answer Stats

YearShooting Guard% Correct
2015, 2017, 2018, 2022Klay Thompson
99%
2000, 2001, 2002, 2009, 2010Kobe Bryant
98%
2006, 2012, 2013Dwyane Wade
97%
1991, 1992, 1993, 1996, 1997, 1998Michael Jordan
97%
2008Ray Allen
95%
2005Manu Ginóbili
94%
2016J.R. Smith
90%
2021Khris Middleton
88%
1989, 1990Joe Dumars
85%
2014, 2019Danny Green
80%
2020, 2023Kentavious Caldwell-Pope
80%
2004Richard Hamilton
78%
1995Clyde Drexler
75%
1961, 1962, 1963, 1964, 1965, 1966, 1968, 1969Sam Jones
69%
1979, 1984Dennis Johnson
64%
1975Charles Johnson
63%
1986Danny Ainge
53%
1985, 1987, 1988Byron Scott
52%
1976Charlie Scott
51%
1994Vernon Maxwell
50%
1972Gail Goodrich
42%
2003Stephen Jackson
42%
1973Earl Monroe
39%
1967Hal Greer
34%
1999Mario Elie
34%
2007Michael Finley
31%
1957, 1959, 1960Bill Sharman
28%
1980, 1982Norm Nixon
27%
1983Andrew Toney
24%
2011DeShawn Stevenson
20%
1970Dick Barnett
18%
1971Jon McGlocklin
13%
1977Johnny Davis
11%
1981Chris Ford
10%
1951Bobby Wanzer
7%
1974Don Chaney
6%
1954Whitey Skoog
6%
1955Paul Seymour
5%
1952, 1953Pep Saul
5%
1950Bob Harrison
4%
1958Jack McMahon
4%
1978Kevin Grevey
4%
1956Tom Gola
3%

Score Distribution

Percentile by Number Answered

Percent of People with Each Score

Your Score History

You have not taken this quiz since the last reset